<?xml version="1.0" encoding="UTF-8"?>
<collection xmlns="http://www.loc.gov/MARC21/slim">
 <record>
  <leader>07040cam a2201165 c 4500</leader>
  <controlfield tag="001">353896470</controlfield>
  <controlfield tag="003">DE-627</controlfield>
  <controlfield tag="005">20250328105323.0</controlfield>
  <controlfield tag="007">tu</controlfield>
  <controlfield tag="008">020913s2003    gw ||||| m    00| ||ger c</controlfield>
  <datafield tag="020" ind1=" " ind2=" ">
   <subfield code="a">377053770X</subfield>
   <subfield code="c">kart.: EUR 36.90</subfield>
   <subfield code="9">3-7705-3770-X</subfield>
  </datafield>
  <datafield tag="035" ind1=" " ind2=" ">
   <subfield code="a">(DE-627)353896470</subfield>
  </datafield>
  <datafield tag="035" ind1=" " ind2=" ">
   <subfield code="a">(DE-576)102861587</subfield>
  </datafield>
  <datafield tag="035" ind1=" " ind2=" ">
   <subfield code="a">(DE-599)GBV353896470</subfield>
  </datafield>
  <datafield tag="035" ind1=" " ind2=" ">
   <subfield code="a">(OCoLC)237730109</subfield>
  </datafield>
  <datafield tag="035" ind1=" " ind2=" ">
   <subfield code="a">(OCoLC)52387382</subfield>
  </datafield>
  <datafield tag="035" ind1=" " ind2=" ">
   <subfield code="a">(OCoLC)958184081</subfield>
  </datafield>
  <datafield tag="035" ind1=" " ind2=" ">
   <subfield code="a">(JUB)b10140207</subfield>
  </datafield>
  <datafield tag="040" ind1=" " ind2=" ">
   <subfield code="a">DE-627</subfield>
   <subfield code="b">ger</subfield>
   <subfield code="c">DE-627</subfield>
   <subfield code="e">rakwb</subfield>
  </datafield>
  <datafield tag="041" ind1=" " ind2=" ">
   <subfield code="a">ger</subfield>
  </datafield>
  <datafield tag="044" ind1=" " ind2=" ">
   <subfield code="c">XA-DE</subfield>
  </datafield>
  <datafield tag="050" ind1=" " ind2="0">
   <subfield code="a">PN1993.5.G3</subfield>
  </datafield>
  <datafield tag="082" ind1="0" ind2=" ">
   <subfield code="a">791.43/09464</subfield>
   <subfield code="q">BSZ</subfield>
  </datafield>
  <datafield tag="084" ind1=" " ind2=" ">
   <subfield code="a">46</subfield>
   <subfield code="2">sdnb</subfield>
  </datafield>
  <datafield tag="084" ind1=" " ind2=" ">
   <subfield code="a">49</subfield>
   <subfield code="2">sdnb</subfield>
  </datafield>
  <datafield tag="084" ind1=" " ind2=" ">
   <subfield code="a">3,5</subfield>
   <subfield code="a">9,10</subfield>
   <subfield code="a">9,11</subfield>
   <subfield code="2">ssgn</subfield>
  </datafield>
  <datafield tag="084" ind1=" " ind2=" ">
   <subfield code="a">AP 44910</subfield>
   <subfield code="q">BVB</subfield>
   <subfield code="2">rvk</subfield>
   <subfield code="0">(DE-625)rvk/7516:667</subfield>
  </datafield>
  <datafield tag="084" ind1=" " ind2=" ">
   <subfield code="a">LH 65829</subfield>
   <subfield code="q">BVB</subfield>
   <subfield code="2">rvk</subfield>
   <subfield code="0">(DE-625)rvk/94562:13113</subfield>
  </datafield>
  <datafield tag="084" ind1=" " ind2=" ">
   <subfield code="a">LI 60550</subfield>
   <subfield code="q">BVB</subfield>
   <subfield code="2">rvk</subfield>
   <subfield code="0">(DE-625)rvk/96667:</subfield>
  </datafield>
  <datafield tag="084" ind1=" " ind2=" ">
   <subfield code="a">LH 79500</subfield>
   <subfield code="q">BVB</subfield>
   <subfield code="2">rvk</subfield>
   <subfield code="0">(DE-625)rvk/95119:</subfield>
  </datafield>
  <datafield tag="084" ind1=" " ind2=" ">
   <subfield code="a">AP 47500</subfield>
   <subfield code="2">rvk</subfield>
   <subfield code="0">(DE-625)rvk/7543:</subfield>
  </datafield>
  <datafield tag="084" ind1=" " ind2=" ">
   <subfield code="a">AP 45400</subfield>
   <subfield code="2">rvk</subfield>
   <subfield code="0">(DE-625)rvk/7522:</subfield>
  </datafield>
  <datafield tag="084" ind1=" " ind2=" ">
   <subfield code="a">20.89</subfield>
   <subfield code="2">bkl</subfield>
  </datafield>
  <datafield tag="084" ind1=" " ind2=" ">
   <subfield code="a">20.05</subfield>
   <subfield code="2">bkl</subfield>
  </datafield>
  <datafield tag="084" ind1=" " ind2=" ">
   <subfield code="a">24.32</subfield>
   <subfield code="2">bkl</subfield>
  </datafield>
  <datafield tag="084" ind1=" " ind2=" ">
   <subfield code="a">24.31</subfield>
   <subfield code="2">bkl</subfield>
  </datafield>
  <datafield tag="084" ind1=" " ind2=" ">
   <subfield code="a">21.42</subfield>
   <subfield code="2">bkl</subfield>
  </datafield>
  <datafield tag="100" ind1="1" ind2=" ">
   <subfield code="a">Hoormann, Anne</subfield>
   <subfield code="d">1956-2003</subfield>
   <subfield code="0">(DE-588)12074399X</subfield>
   <subfield code="0">(DE-627)08086354X</subfield>
   <subfield code="0">(DE-576)166609455</subfield>
   <subfield code="4">aut</subfield>
  </datafield>
  <datafield tag="245" ind1="1" ind2="0">
   <subfield code="a">Lichtspiele</subfield>
   <subfield code="b">zur Medienreflexion der Avantgarde in der Weimarer Republik</subfield>
   <subfield code="c">Anne Hoormann</subfield>
  </datafield>
  <datafield tag="264" ind1=" " ind2="1">
   <subfield code="a">München</subfield>
   <subfield code="b">Fink</subfield>
   <subfield code="c">2003</subfield>
  </datafield>
  <datafield tag="300" ind1=" " ind2=" ">
   <subfield code="a">369 S.</subfield>
   <subfield code="b">Ill.</subfield>
   <subfield code="c">23 cm</subfield>
  </datafield>
  <datafield tag="336" ind1=" " ind2=" ">
   <subfield code="a">Text</subfield>
   <subfield code="b">txt</subfield>
   <subfield code="2">rdacontent</subfield>
  </datafield>
  <datafield tag="337" ind1=" " ind2=" ">
   <subfield code="a">ohne Hilfsmittel zu benutzen</subfield>
   <subfield code="b">n</subfield>
   <subfield code="2">rdamedia</subfield>
  </datafield>
  <datafield tag="338" ind1=" " ind2=" ">
   <subfield code="a">Band</subfield>
   <subfield code="b">nc</subfield>
   <subfield code="2">rdacarrier</subfield>
  </datafield>
  <datafield tag="502" ind1=" " ind2=" ">
   <subfield code="a">Zugl.: Weimar, Univ., Habil.-Schr., 2001</subfield>
  </datafield>
  <datafield tag="583" ind1="1" ind2=" ">
   <subfield code="a">Archivierung/Langzeitarchivierung gewährleistet</subfield>
   <subfield code="f">SSG</subfield>
   <subfield code="x">XA-DE-BW</subfield>
   <subfield code="2">pdager</subfield>
   <subfield code="5">DE-16</subfield>
  </datafield>
  <datafield tag="650" ind1=" " ind2="0">
   <subfield code="a">Art and motion pictures</subfield>
  </datafield>
  <datafield tag="650" ind1=" " ind2="0">
   <subfield code="a">Light and art</subfield>
  </datafield>
  <datafield tag="655" ind1=" " ind2="7">
   <subfield code="a">Hochschulschrift</subfield>
   <subfield code="0">(DE-588)4113937-9</subfield>
   <subfield code="0">(DE-627)105825778</subfield>
   <subfield code="0">(DE-576)209480580</subfield>
   <subfield code="2">gnd-content</subfield>
  </datafield>
  <datafield tag="689" ind1="0" ind2="0">
   <subfield code="d">g</subfield>
   <subfield code="0">(DE-588)4011882-4</subfield>
   <subfield code="0">(DE-627)104704861</subfield>
   <subfield code="0">(DE-576)208896155</subfield>
   <subfield code="a">Deutschland</subfield>
   <subfield code="2">gnd</subfield>
  </datafield>
  <datafield tag="689" ind1="0" ind2="1">
   <subfield code="d">s</subfield>
   <subfield code="0">(DE-588)4120673-3</subfield>
   <subfield code="0">(DE-627)104819596</subfield>
   <subfield code="0">(DE-576)209537043</subfield>
   <subfield code="a">Lichtkunst</subfield>
   <subfield code="2">gnd</subfield>
  </datafield>
  <datafield tag="689" ind1="0" ind2="2">
   <subfield code="d">s</subfield>
   <subfield code="0">(DE-588)4605581-2</subfield>
   <subfield code="0">(DE-627)326270167</subfield>
   <subfield code="0">(DE-576)214185834</subfield>
   <subfield code="a">Intermedialität</subfield>
   <subfield code="2">gnd</subfield>
  </datafield>
  <datafield tag="689" ind1="0" ind2="3">
   <subfield code="a">z</subfield>
   <subfield code="2">gnd</subfield>
   <subfield code="a">Geschichte 1920-1960</subfield>
  </datafield>
  <datafield tag="689" ind1="0" ind2=" ">
   <subfield code="5">DE-101</subfield>
  </datafield>
  <datafield tag="689" ind1="1" ind2="0">
   <subfield code="d">s</subfield>
   <subfield code="0">(DE-588)4065109-5</subfield>
   <subfield code="0">(DE-627)10612059X</subfield>
   <subfield code="0">(DE-576)209156864</subfield>
   <subfield code="a">Weimarer Republik</subfield>
   <subfield code="2">gnd</subfield>
  </datafield>
  <datafield tag="689" ind1="1" ind2="1">
   <subfield code="d">s</subfield>
   <subfield code="0">(DE-588)4120673-3</subfield>
   <subfield code="0">(DE-627)104819596</subfield>
   <subfield code="0">(DE-576)209537043</subfield>
   <subfield code="a">Lichtkunst</subfield>
   <subfield code="2">gnd</subfield>
  </datafield>
  <datafield tag="689" ind1="1" ind2="2">
   <subfield code="d">s</subfield>
   <subfield code="0">(DE-588)4605581-2</subfield>
   <subfield code="0">(DE-627)326270167</subfield>
   <subfield code="0">(DE-576)214185834</subfield>
   <subfield code="a">Intermedialität</subfield>
   <subfield code="2">gnd</subfield>
  </datafield>
  <datafield tag="689" ind1="1" ind2="3">
   <subfield code="a">z</subfield>
   <subfield code="2">gnd</subfield>
   <subfield code="a">Geschichte</subfield>
  </datafield>
  <datafield tag="689" ind1="1" ind2=" ">
   <subfield code="5">DE-101</subfield>
  </datafield>
  <datafield tag="689" ind1="2" ind2="0">
   <subfield code="d">g</subfield>
   <subfield code="0">(DE-588)4011882-4</subfield>
   <subfield code="0">(DE-627)104704861</subfield>
   <subfield code="0">(DE-576)208896155</subfield>
   <subfield code="a">Deutschland</subfield>
   <subfield code="2">gnd</subfield>
  </datafield>
  <datafield tag="689" ind1="2" ind2="1">
   <subfield code="d">s</subfield>
   <subfield code="0">(DE-588)4017102-4</subfield>
   <subfield code="0">(DE-627)104559683</subfield>
   <subfield code="0">(DE-576)208918531</subfield>
   <subfield code="a">Film</subfield>
   <subfield code="2">gnd</subfield>
  </datafield>
  <datafield tag="689" ind1="2" ind2="2">
   <subfield code="d">s</subfield>
   <subfield code="0">(DE-588)4114333-4</subfield>
   <subfield code="0">(DE-627)105822957</subfield>
   <subfield code="0">(DE-576)209483733</subfield>
   <subfield code="a">Kunst</subfield>
   <subfield code="2">gnd</subfield>
  </datafield>
  <datafield tag="689" ind1="2" ind2="3">
   <subfield code="d">s</subfield>
   <subfield code="0">(DE-588)4120673-3</subfield>
   <subfield code="0">(DE-627)104819596</subfield>
   <subfield code="0">(DE-576)209537043</subfield>
   <subfield code="a">Lichtkunst</subfield>
   <subfield code="2">gnd</subfield>
  </datafield>
  <datafield tag="689" ind1="2" ind2="4">
   <subfield code="a">z</subfield>
   <subfield code="2">gnd</subfield>
   <subfield code="a">Geschichte 1918-1933</subfield>
  </datafield>
  <datafield tag="689" ind1="2" ind2=" ">
   <subfield code="5">(DE-627)</subfield>
  </datafield>
  <datafield tag="751" ind1=" " ind2=" ">
   <subfield code="a">Weimar</subfield>
   <subfield code="0">(DE-588)4065105-8</subfield>
   <subfield code="0">(DE-627)10612062X</subfield>
   <subfield code="0">(DE-576)209156848</subfield>
   <subfield code="4">uvp</subfield>
  </datafield>
  <datafield tag="776" ind1="0" ind2="8">
   <subfield code="i">Erscheint auch als</subfield>
   <subfield code="n">Online-Ausgabe</subfield>
   <subfield code="a">Hoormann, Anne, 1956 - 2003</subfield>
   <subfield code="t">Lichtspiele</subfield>
   <subfield code="d">München : Fink, 2003</subfield>
   <subfield code="h">369 S.</subfield>
   <subfield code="w">(DE-627)1652439501</subfield>
   <subfield code="w">(DE-576)383348544</subfield>
   <subfield code="z">377053770X</subfield>
  </datafield>
  <datafield tag="787" ind1="0" ind2="8">
   <subfield code="i">Rezension</subfield>
   <subfield code="t">Anne Hoormann: Lichtspiele. Zur Medienreflexion der Avantgarde in der Weimarer Republik, München 2003</subfield>
   <subfield code="d">2004</subfield>
   <subfield code="h">Online-Ressource</subfield>
   <subfield code="w">(DE-627)1646235371</subfield>
   <subfield code="w">(DE-576)278979084</subfield>
  </datafield>
  <datafield tag="787" ind1="0" ind2="8">
   <subfield code="i">Rezension</subfield>
   <subfield code="a">Hirsch, Vanessa, 1972 - </subfield>
   <subfield code="t">[Rezension von Anne Hoormann: Lichtspiele. Zur Medienreflexion der Avantgarde in der Weimarer Republik. München 2003]</subfield>
   <subfield code="d">[Heidelberg] : [Universitätsbibliothek], 2004</subfield>
   <subfield code="w">(DE-627)1526228076</subfield>
   <subfield code="w">(DE-576)456228071</subfield>
  </datafield>
  <datafield tag="787" ind1="0" ind2="8">
   <subfield code="i">Rezensiert in</subfield>
   <subfield code="a">Hemken, Kai-Uwe, 1962 - </subfield>
   <subfield code="t">[Rezension von: Anne Hoormann, Lichtspiele. Zur Medienreflexion der Avantgarde in der Weimarer Republik]</subfield>
   <subfield code="d">2004</subfield>
   <subfield code="w">(DE-627)1920771654</subfield>
  </datafield>
  <datafield tag="856" ind1="4" ind2="2">
   <subfield code="u">http://bvbr.bib-bvb.de:8991/F?func=service&amp;doc_library=BVB01&amp;doc_number=010342643&amp;line_number=0001&amp;func_code=DB_RECORDS&amp;service_type=MEDIA</subfield>
   <subfield code="m">V:DE-604</subfield>
   <subfield code="q">application/pdf</subfield>
   <subfield code="v">20090731000000</subfield>
   <subfield code="3">Inhaltsverzeichnis</subfield>
  </datafield>
  <datafield tag="856" ind1="4" ind2="2">
   <subfield code="u">https://swbplus.bsz-bw.de/bsz102861587rez.htm</subfield>
   <subfield code="m">V:DE-576</subfield>
   <subfield code="q">text/html</subfield>
   <subfield code="3">Rezension</subfield>
  </datafield>
  <datafield tag="935" ind1=" " ind2=" ">
   <subfield code="i">Blocktest</subfield>
  </datafield>
  <datafield tag="936" ind1="r" ind2="v">
   <subfield code="a">AP 44910</subfield>
   <subfield code="b">Deutschland</subfield>
   <subfield code="k">Allgemeines</subfield>
   <subfield code="k">Medien- und Kommunikationswissenschaften, Medienkulturwissenschaft, Kommunikationsdesign</subfield>
   <subfield code="k">Film</subfield>
   <subfield code="k">Biografie, Geschichte</subfield>
   <subfield code="k">Filmgeschichte</subfield>
   <subfield code="k">Filmgeschichte einzelner Länder</subfield>
   <subfield code="k">Europa</subfield>
   <subfield code="k">Mitteleuropa</subfield>
   <subfield code="k">Deutschland</subfield>
   <subfield code="0">(DE-627)1271119706</subfield>
   <subfield code="0">(DE-625)rvk/7516:667</subfield>
   <subfield code="0">(DE-576)201119706</subfield>
  </datafield>
  <datafield tag="936" ind1="r" ind2="v">
   <subfield code="a">LH 65829</subfield>
   <subfield code="b">Kinetische Kunst, Op art, Land art, Kybernetische Kunst, Mixed Media, Computerkunst, Environment, Rauminstallation, Videoinstallation</subfield>
   <subfield code="k">Kunstgeschichte</subfield>
   <subfield code="k">Allgemeines. Allgemeine Kunstgeschichte</subfield>
   <subfield code="k">Allgemeine Kunstgeschichte: Darstellungen</subfield>
   <subfield code="k">Darstellungen einzelner Epochen</subfield>
   <subfield code="k">Mittlere und neuere Kunstgeschichte</subfield>
   <subfield code="k">Neuzeit</subfield>
   <subfield code="k">19. und 20. Jahrhundert</subfield>
   <subfield code="k">20. Jahrhundert</subfield>
   <subfield code="k">Kinetische Kunst, Op art, Land art, Kybernetische Kunst, Mixed Media, Computerkunst, Environment, Rauminstallation, Videoinstallation</subfield>
   <subfield code="0">(DE-627)1270636391</subfield>
   <subfield code="0">(DE-625)rvk/94562:13113</subfield>
   <subfield code="0">(DE-576)200636391</subfield>
  </datafield>
  <datafield tag="936" ind1="r" ind2="v">
   <subfield code="a">LI 60550</subfield>
   <subfield code="b">Moholy-Nagy, László</subfield>
   <subfield code="k">Kunstgeschichte</subfield>
   <subfield code="k">Künstler-Monografien</subfield>
   <subfield code="k">Alphabetische Künstlerliste</subfield>
   <subfield code="k">Künstler M</subfield>
   <subfield code="k">Moholy-Nagy, László</subfield>
   <subfield code="0">(DE-627)1270703889</subfield>
   <subfield code="0">(DE-625)rvk/96667:</subfield>
   <subfield code="0">(DE-576)200703889</subfield>
  </datafield>
  <datafield tag="936" ind1="r" ind2="v">
   <subfield code="a">LH 79500</subfield>
   <subfield code="b">Gesamtdarstellungen</subfield>
   <subfield code="k">Kunstgeschichte</subfield>
   <subfield code="k">Allgemeines. Allgemeine Kunstgeschichte</subfield>
   <subfield code="k">Kunstgeschichte einzelner Gattungen der Kunst</subfield>
   <subfield code="k">Industriedesign</subfield>
   <subfield code="k">Gesamtdarstellungen</subfield>
   <subfield code="0">(DE-627)127065277X</subfield>
   <subfield code="0">(DE-625)rvk/95119:</subfield>
   <subfield code="0">(DE-576)20065277X</subfield>
  </datafield>
  <datafield tag="936" ind1="r" ind2="v">
   <subfield code="a">AP 47500</subfield>
   <subfield code="b">Film, Kunst und Musik</subfield>
   <subfield code="k">Allgemeines</subfield>
   <subfield code="k">Medien- und Kommunikationswissenschaften, Medienkulturwissenschaft, Kommunikationsdesign</subfield>
   <subfield code="k">Film</subfield>
   <subfield code="k">Beziehungen, Ausstrahlungen, Einwirkungen</subfield>
   <subfield code="k">Film, Kunst und Musik</subfield>
   <subfield code="0">(DE-627)127068972X</subfield>
   <subfield code="0">(DE-625)rvk/7543:</subfield>
   <subfield code="0">(DE-576)20068972X</subfield>
  </datafield>
  <datafield tag="936" ind1="r" ind2="v">
   <subfield code="a">AP 45400</subfield>
   <subfield code="b">Film als Kunstwerk, Ästhetik</subfield>
   <subfield code="k">Allgemeines</subfield>
   <subfield code="k">Medien- und Kommunikationswissenschaften, Medienkulturwissenschaft, Kommunikationsdesign</subfield>
   <subfield code="k">Film</subfield>
   <subfield code="k">Theorie, Methodik, Didaktik</subfield>
   <subfield code="k">Film als Kunstwerk, Ästhetik</subfield>
   <subfield code="0">(DE-627)1270689525</subfield>
   <subfield code="0">(DE-625)rvk/7522:</subfield>
   <subfield code="0">(DE-576)200689525</subfield>
  </datafield>
  <datafield tag="936" ind1="b" ind2="k">
   <subfield code="a">20.89</subfield>
   <subfield code="j">Kunstgeschichte: Sonstiges</subfield>
   <subfield code="0">(DE-627)106406639</subfield>
  </datafield>
  <datafield tag="936" ind1="b" ind2="k">
   <subfield code="a">20.05</subfield>
   <subfield code="j">Kunst in Beziehung zu anderen Wissenschaftsgebieten</subfield>
   <subfield code="0">(DE-627)106415824</subfield>
  </datafield>
  <datafield tag="936" ind1="b" ind2="k">
   <subfield code="a">24.32</subfield>
   <subfield code="j">Filmgeschichte</subfield>
   <subfield code="0">(DE-627)106405934</subfield>
  </datafield>
  <datafield tag="936" ind1="b" ind2="k">
   <subfield code="a">24.31</subfield>
   <subfield code="j">Systematische Filmwissenschaft</subfield>
   <subfield code="0">(DE-627)106406035</subfield>
  </datafield>
  <datafield tag="936" ind1="b" ind2="k">
   <subfield code="a">21.42</subfield>
   <subfield code="j">Geschichte der Photographie</subfield>
   <subfield code="0">(DE-627)106405713</subfield>
  </datafield>
  <datafield tag="951" ind1=" " ind2=" ">
   <subfield code="a">BO</subfield>
  </datafield>
  <datafield tag="990" ind1=" " ind2=" ">
   <subfield code="a">Deutschland</subfield>
  </datafield>
  <datafield tag="990" ind1=" " ind2=" ">
   <subfield code="a">Lichtkunst</subfield>
  </datafield>
  <datafield tag="990" ind1=" " ind2=" ">
   <subfield code="a">Intermedialität</subfield>
  </datafield>
  <datafield tag="990" ind1=" " ind2=" ">
   <subfield code="a">Geschichte 1920-1960</subfield>
  </datafield>
  <datafield tag="990" ind1=" " ind2=" ">
   <subfield code="a">Weimarer Republik</subfield>
  </datafield>
  <datafield tag="990" ind1=" " ind2=" ">
   <subfield code="a">Lichtkunst</subfield>
  </datafield>
  <datafield tag="990" ind1=" " ind2=" ">
   <subfield code="a">Intermedialität</subfield>
  </datafield>
  <datafield tag="990" ind1=" " ind2=" ">
   <subfield code="a">Geschichte</subfield>
  </datafield>
  <datafield tag="990" ind1=" " ind2=" ">
   <subfield code="a">Deutschland</subfield>
  </datafield>
  <datafield tag="990" ind1=" " ind2=" ">
   <subfield code="a">Film</subfield>
  </datafield>
  <datafield tag="990" ind1=" " ind2=" ">
   <subfield code="a">Kunst</subfield>
  </datafield>
  <datafield tag="990" ind1=" " ind2=" ">
   <subfield code="a">Lichtkunst</subfield>
  </datafield>
  <datafield tag="990" ind1=" " ind2=" ">
   <subfield code="a">Geschichte 1918-1933</subfield>
  </datafield>
  <datafield tag="991" ind1=" " ind2=" ">
   <subfield code="a">Rezensiertes Werk</subfield>
  </datafield>
  <datafield tag="999" ind1=" " ind2=" ">
   <subfield code="a">KXP-PPN353896470</subfield>
   <subfield code="e">400889697X</subfield>
  </datafield>
 </record>
</collection>
